Forced marriages in bailadila (Record no. 516939)

000 -LEADER
fixed length control field 00239nam a22000977a 4500
082 ## - DEWEY DECIMAL CLASSIFICATION NUMBER
Classification number TNC
100 ## - MAIN ENTRY--PERSONAL NAME
Personal name Sharma, B. D.
9 (RLIN) 23804
245 ## - TITLE STATEMENT
Title Forced marriages in bailadila
Statement of responsibility, etc by B. D. Sharma
260 ## - PUBLICATION, DISTRIBUTION, ETC. (IMPRINT)
Place of publication, distribution, etc New Delhi
Name of publisher, distributor, etc S.P.K.
Date of publication, distribution, etc 2003
300 ## - PHYSICAL DESCRIPTION
Extent 128p.
Holdings
Withdrawn status Lost status Source of classification or shelving scheme Damaged status Koha normalized classification for sorting Not for loan Permanent location Current location Date acquired Full call number Barcode Date last seen Price effective from Koha item type
        TNC_BA27X54_SH64   Indian Institute of Public Administration Indian Institute of Public Administration 2021-03-26 TNC BA27x54 Sh64 GR23657 2021-03-26 2021-03-26 GR

Powered by Koha